Aquatic pollution : an introductory text
Αποθηκεύτηκε σε:
| Κύριος συγγραφέας: | |
|---|---|
| Μορφή: | Βιβλίο |
| Γλώσσα: | English |
| Δημοσίευση: |
New York :
Wiley,
2000
|
| Έκδοση: | 3rd ed. |
| Θέματα: | |
| Ετικέτες: |
Προσθήκη ετικέτας
Δεν υπάρχουν, Καταχωρήστε ετικέτα πρώτοι!
|
MARC
| LEADER | 00000nam a2200000 i 4500 | ||
|---|---|---|---|
| 001 | 1/99793 | ||
| 008 | 081218s2000 eng d | ||
| 020 | |a 0-471-34875-9 | ||
| 035 | |l 10102603 | ||
| 040 | |a GR-MY-UA |b gre |e aacr | ||
| 041 | 0 | |a eng | |
| 082 | 0 | |a 628.168 |2 (22) | |
| 100 | 1 | |a Laws, Edward A. |d 1945- | |
| 245 | 1 | 0 | |a Aquatic pollution : |b an introductory text / |c Edward A. Laws |
| 250 | |a 3rd ed. | ||
| 260 | |a New York : |b Wiley, |c 2000 | ||
| 300 | |a xiv, 639 σ.; |b εικ., χάρτες; |c 26 εκ. | ||
| 504 | |a Περιέχει βιβλιογραφικές παραπομπές και ευρετήριο | ||
| 650 | 0 | 0 | |a Water |x Pollution. |
| 852 | |a INST |b LESVOS |e 20081218 |h 628.168 LAW |p 005100043744 |q 005100043744 |t BK |y 0 | ||
| 901 | |a BIBL1-2008-3 | ||
| 909 | |a Λ |b 157652 | ||
| 920 | |a ΕΠΕΑΕΚ ΠΜΣ ΠΕΡΙΒΑΛΛΟΝΤΙΚΗ ΚΑΙ ΟΙΚΟΛΟΓΙΚΗ ΜΗΧΑΝΙΚΗ |y ΛΕΣΒΟΣ |z 2008-09 | ||
| 970 | |a ΚΑΡΑ |b ΓΙΑΣΕΜΗ |z 2008/12/18 | ||